| 000 | 00637nam a2200205 a 4500 | ||
|---|---|---|---|
| 005 | 20240614063659.0 | ||
| 008 | 991125s1959 ea 000 0 eng u | ||
| 035 | _aUPN01000005530 | ||
| 049 | _aCG | ||
| 050 | 4 |
_aPE1121 _bF5.2 1959 |
|
| 100 | 1 | _aFisher, Isobel Yealy | |
| 245 | 1 | 0 |
_aBeginning lessons in english / _cby Isobel Yealy Fisher and Robert J. Dixson. |
| 250 | _aEd. rev. | ||
| 260 |
_aNew York : _bRegents, _c1959. |
||
| 300 |
_a187 p. : _bil. |
||
| 440 | 0 | _aEnglish as a foreing language series | |
| 650 | 4 |
_aInglés _xEstudio y enseñanza _918 |
|
| 700 | 1 |
_aDixson, Robert James, _d1908-1963 _ecoaut. _930894 |
|
| 905 | _aLibro | ||
| 999 |
_c5530 _d5530 |
||